Statistiques concernant My Little Pony de A-Z

Cliquez ici pour prendre le quiz!

Statistiques générales

  • Ce quiz a été pris 142 fois
  • Le résultat moyen est 11 sur 26

Statistiques - réponses

LettreIndiceRéponse% Correct
BLes Poneys ont une Marque de ...Beauté
90%
FPoney réprésentant la GentillesseFluttershy
85%
ERoyaume ou résident les PoneysEquestria
80%
LPrincesse, Soeur de CélestiaLuna
78%
ARace de Twilight, Célestia...Alicorne
75%
RPoney réprésentant la GénérositéRarity
70%
TPoney réprésentant la MTwilight
68%
CCadance est la Princesse du Royaume de ...Crystal
62%
MÉlément que représente TMagie
61%
PVille où résident les Mane 6Poneyville
61%
HLes Mane 6 représentent les Éléments d'...Harmonie
53%
DUne Chimère très proche de FDiscord
51%
ZZèbre très expérimentée en SortilègesZécora
36%
SLicorne ayant essayé de laver le cerveau de tout E et ayant essayer d'effacer l'existance des Mane 6Starlight
35%
XUn des Instruments utilisés par Pinkie pour faire fuir les ParaspritesXylophone
33%
QReine Chrysalis en AnglaisQueen Chrysalis
30%
GRace de GallusGriffon
27%
YYack élève de l'École de l'AmitiéYona
24%
UNiveau Scolaire que créent Flim & Flam en Concurrence à l'École de TUniversité
21%
KRace qui avait fait voeu de SilicenceKirin
18%
OChangelin élève de l'École de l'AmitiéOcellus
14%
IEG : Membre des Shadowbolts, aussi une teinte de BleuIndigo
12%
NReine des Hippogriffes/campesNovo
9%
VMinotaure qui essaye de changer Fluttershy et de piéger la famille de TVolonté de Fer
9%
WEG : Ancienne Vilaine jalouse de la Popularité de SunsetWallflower
7%
JEG : Ancienne vilaine ayant possédé un Miroir MagiqueJuniper
6%

Distribution des résultats

Percentile par nombre de réponses

% des personnes avec chaque résultat

Votre développement - résultats

Vous n’avez pas pris ce quiz